El modelo log-logístico y la distribución del ingreso en Argentina (Registro nro. 24370)
[ vista simple ]
| 000 -LEADER | |
|---|---|
| fixed length control field | 00361 a2200109 4500 |
| 001 - CONTROL NUMBER | |
| control field | ART_8545 |
| 005 - DATE AND TIME OF LATEST TRANSACTION | |
| control field | 20260410161844.0 |
| 008 - FIXED-LENGTH DATA ELEMENTS--GENERAL INFORMATION | |
| fixed length control field | 260409a |
| 100 1# - MAIN ENTRY--PERSONAL NAME | |
| Personal name | Dagum, Camilo |
| 245 10 - TITLE STATEMENT | |
| Title | El modelo log-logístico y la distribución del ingreso en Argentina |
| 773 0# - HOST ITEM ENTRY | |
| Title | El trimestre económico |
| Related parts | - Vol. XLIV, Nº 176 (oct./dic. 1977) |
| Record control number | REV6933 |
No hay ítems disponibles.